000 00269nam a22001217a 4500
008 180314b xxu||||| |||| 00| 0 eng d
041 _aeng
080 _a72
100 _a41
101 _aark
245 _adwelling house construction
_cdietz.a.g.h
942 _2udc
_cBK
999 _c44944
_d44944